[Event "Linares 16th"]
[Site "Linares"]
[Date "1999.03.07"]
[Round "12"]
[White "Kasparov, Garry"]
[Black "Adams, Michael"]
[Result "1-0"]
[WhiteElo "2812"]
[BlackElo "2716"]
[Annotator "Blatny,P"]
[PlyCount "129"]
[EventDate "1999.02.21"]
[EventType "tourn"]
[EventRounds "14"]
[EventCountry "ESP"]
[EventCategory "20"]
[SourceTitle "CBM 070"]
[Source "ChessBase"]
[SourceDate "1999.06.08"]
[SourceVersion "1"]
[SourceVersionDate "1999.06.08"]
[SourceQuality "1"]

1. e4 e5 2. Nf3 Nc6 3. Bb5 a6 4. Ba4 Nf6 5. O-O Be7 6. Re1 b5 7. Bb3 O-O 8. h3
{Es ist eine "moralische" Genugtuung für jeden Marshallangriff-Anhänger, wenn
man sieht, dass selbst der stärkste Spieler auf der Erde lieber dieser
Eröffnung ausweicht. Und das nicht nur gegen Adams, auch im Wettkampf gegen
Short kam die andere Anti-Marshall Fortsetzung 8.a4 auf Brett. Man kann zwar
argumentieren, dass Kasparov als Spieler mit der besten Eröffnungsvorbereitung
anerkannt ist, aber warum dann nicht Marshall? Meiner Meinung nach ist die
richtige Antwort folgende: Bei allem Respekt für den Weltmeister,
Marshallangriff mit Weiss "passt nicht" zu seinem aktiven Still - da hat
Schwarz die Initiative (für einen Bauer).} Bb7 9. d3 d6 {Früher wurde auch} (
9... Re8 {gespielt; ich versuchte es Ende 80er Jahre dreimal, das Ergebnis 0:3
lässt wissen, warum heutzutage 9...d6 als Hauptvariante gilt.}) 10. a3 Na5 ({
Obwohl} 10... Nd4 {"anti-strategisch aussieht" (O-Ton GM Jansa), habe ich es
schon zweimal erfolgreich angewandt. Nach fast forciertem} 11. Nxd4 exd4 {
hat jetzt Weiss den Wahl zwischen} 12. c3 ({oder} 12. Nd2 c5 13. Nf3 Nd7 14. a4
Ne5 15. Bf4 Bf6 {und Schwarz hat keine Probleme,} 16. Nh2 Ng6 17. Bd2 Bg5 18.
axb5 axb5 19. Rxa8 Bxa8 20. Qc1 Bxd2 21. Qxd2 Kh8 22. Nf3 h6 23. c3 dxc3 24.
bxc3 f5 $36 {Lanka,Z-Blatny,P/Debrecen 1992/EU-chT}) {was ermoeglicht zwar
Weiss mit Tempo den Springer entwickeln, aber nach} 12... dxc3 13. Nxc3 c5 14.
Bf4 d5 $1 {(Ein strategisches Bauernopfer. Die weisse Struktur wird beschädigt
und Schwarz besitzt die Initiative.)} 15. Nxd5 Nxd5 16. Bxd5 Bxd5 17. exd5 Bd6
$1 18. Bd2 (18. Be3 Qf6 $44 {[%csl Rb2,Rd3,Rd5][%cal Ga8d8,Gd8d5,Gf6f5,Gf5d5]})
18... Qf6 19. Bc3 Qf5 20. Qg4 $6 (20. Qb3) (20. Re4 $5 Qxd5 $140 $6 21. Bxg7 $1
Kxg7 22. Qf3 $1 Rfd8 $8 23. Rg4+ Kf8 24. Qxd5 Bh2+ 25. Kxh2 Rxd5 26. Rc1 Rad8
$14 {_|_}) 20... Qxg4 21. hxg4 {hatte ich ein perspektivreiches Endspiel nach}
Rfd8 {Jansa,V-Blatny,P/Zlin 1998/CBM 66}) ({Adams hat sehr viel Erfahrung mit
der Stellung nach 10.a3, er probierte frueher auch andere Alternativen wie} 
10... Nb8 11. Nbd2 Nbd7 12. Nf1 Re8 13. Ng3 c6 14. Nf5 Bf8 15. Nh2 d5 16. Qf3
Kh8 17. Bg5 $36 {Shirov,A-Adams,M/Wijk aan Zee 1998/CBM 63}) ({oder} 10... Qd7
11. Nc3 Rae8 12. a4 b4 13. Nd5 Nxd5 14. Bxd5 Na5 15. Bxb7 Nxb7 16. d4 Bf6 17.
dxe5 Bxe5 18. Nxe5 Rxe5 19. b3 Nc5 20. Bb2 Rxe4 21. Rxe4 Nxe4 22. Qd4 Nf6 23.
Qxb4 Re8 24. Qc4 $14 {_|_ Polgar,J-Adams,M/Wijk aan Zee 1998/CBM 63}) 11. Ba2
c5 12. Nc3 Nc6 $146 {Diesmal ist es Adams, der eine Neuerung bringt und die
gegnerische Vorbereitung eliminiert. Kasparov wollte sehr wahrscheinlich noch
länger bei dem "Vorbild" Murrey,J-Adams,M/Hilversum 1993/CBM 39 bleiben, wo
geschah} (12... h6 13. b4 $1 Nc6 (13... cxb4 $5 14. axb4 Nc6) 14. Nd5 $1 Nxd5
15. Bxd5 Qc7 (15... cxb4 $5) 16. c3 Nd8 17. Qb3 Rc8 18. Be3 cxb4 19. cxb4 $14)
({Auch der interessante Plan} 12... b4 13. Nd5 b3 $5 14. Nxe7+ Qxe7 15. cxb3
Nc6 {brachte keinen Erfolg für Schwarz nach dem weiterem} 16. Be3 a5 17. Nh4
Bc8 18. f4 $5 Nxe4 $6 (18... Ng4 $142) 19. Nf3 $1 (19. dxe4 $2 Qxh4 20. Qxd6
Bxh3 $1 $40) 19... Nf6 20. fxe5 Nxe5 (20... dxe5 21. Rc1 $16) 21. Bxc5 $1 dxc5
22. Rxe5 Be6 23. Rc1 $16 {Bologan,V-Zaitsev,I/Moscow 1998/CBM 63}) 13. Bg5 (13.
Nd5 Nd4 $5 (13... Nxd5 14. Bxd5 Qd7 {/\ Nd4+/=/=} (14... Na5 15. b4 $1 $14))
14. Nxe7+ Qxe7 $14) 13... Qd7 14. Nh2 {Es zeigt sich die alt bekannte Tatsache,
dass die Erfahrung von mehreren eigenen Partien eine grössere Rolle spielt als
"speziell gezielte Vorbereitung". Im weiteren Verlauf sehen wir, wie sich
Adams in "seinen Wassern" wohl fühlt und den richtigen Plan findet, während
Kasparov "auf dem unbekanntem Teritorium" einige ungenaue Züge wählt.} Ne8 $1 {
[%csl Rd5][%cal Ge8c7,Gc7d5,Gc6e7,Ge7d5,Gd6d5] Der Hauptplan von Schwarz ist
die Durchführung von d6-d5, welche jetzt optimal vorbereitet wird.} 15. Bd2 (
15. Bxe7 $2 Nxe7 {hilft nur oben genanntem Plan.}) 15... Nc7 16. Nf1 Kh8 $1 {
[%cal Gf7f5,Ga2g8]} 17. Ng3 Nd4 $15 {Meine Meinung nach steht hier Adams schon
besser. Sein Plan ist klar, weil es für Weiss schwierig ist ein entsprechendes
gutes Gegenspiel zu finden.} 18. Nce2 Nde6 $1 {Der weisse Springer auf e2 ist
die typische sogenannte "überflüssige" Figur, welche Schwarz auf keinen Fall
tauschen soll.} 19. b4 $1 d5 20. bxc5 Bxc5 21. Bb4 $1 {Weiss hat die "richtige
Notbremse" gefunden.} Rfe8 ({Interessant ist auch} 21... dxe4 22. dxe4 (22.
Nxe4 {ist schlechter wegen} Bxb4 23. axb4 f5 {und Schwarz hat die Initiative
fest in seinen Händen.}) 22... Qc6 $5 {mit der Idee Tad8 oder f5, aber Weiss
kann sich in ein leicht schlechteres Endspiel retten mit} 23. Bd5 Nxd5 24. exd5
Qxd5 25. Qxd5 Bxd5 26. Bxc5 Nxc5 27. Nc3 Bc4 28. Rxe5 {Es ist zwar klar, dass
Schwarz nach Tac8 oder Se6 besser steht, aber wegen des stark reduzierten
Materials sollte es nicht zum Gewinn reichen.}) 22. Bxc5 Nxc5 23. Nc3 Rad8 24.
Qh5 $6 {Diese Zug bereitet eine Komplikation vor, übersieht aber einen
Zwischenzug im 26. Zug,} ({deshalb war z.B. besser} 24. exd5 Nxd5 25. Nxd5 (25.
Bxd5 Bxd5 26. Qh5 Qc7 $11 (26... f6 27. Nxd5 (27. d4 $4 Bf7 $19) 27... Qxd5 $11
)) 25... Bxd5 26. Bxd5 ({Nicht aber die "Vereinfachung"} 26. d4 $2 Bxa2 27.
dxc5 Qc6 $1 28. Qh5 Bd5 $1 29. Rxe5 Bxg2 $17) 26... Qxd5 $11 {Schwarz steht
zwar optisch besser (aktiver), mit genauer weisser Verteidigung sollte aber
das richtige Ergebnis Remis heissen.}) 24... f6 25. d4 $2 (25. exd5 $8 Nxd5 26.
Bxd5 Bxd5 27. Nxd5 $11) 25... exd4 26. Nxd5 Re5 $1 {Jetzt gewinnt Schwarz
einen Bauern.} 27. Qh4 Nxd5 28. exd5 Bxd5 29. Rxe5 fxe5 30. Bxd5 Qxd5 31. Re1
Ne6 $2 {Ein ungewöhnlicher Fehler für Adams, der normalerweise technisch sehr
stark ist. Wahrscheinlich spielte schon Zeitnot eine Rolle.} ({Nach dem
natürlichen} 31... d3 $1 32. cxd3 Nxd3 33. Rd1 Qd4 $1 {ist das Endspiel für
Weiss nicht zu halten.}) 32. Nf5 Nf4 33. Qg5 Rd7 34. Nh4 h6 35. Qg4 g5 36. Nf3
e4 $4 {Das kann nur Zeitnot sein! Mit diesem unglaublichen Einsteller
"revanchiert" sich Adams und statt nach} (36... Re7 {seinen Mehrbauer zu
behalten und immer noch einige Gewinnchancen zu haben (obwohl seine
Königstellung schwächer aussieht), wird er sich jetzt selbst verteidigen
müssen.}) 37. Rxe4 Qxe4 (37... Rd8 {verliert nicht weiteres Material, aber
Schwarz befürchtete} 38. Re5 (38. Rxd4 $4 Ne2+) 38... Qd7 39. Rf5 $1 {[%csl
Re5,Rf7,Rg5][%cal Gf3e5,Ge5f7,Gh3h4] mit vielen unangenehmen Drohungen,
besonders kurz vor die Zeitkontrolle.}) 38. Qxd7 d3 $2 (38... Qxc2 $142 39.
Qxd4+ Kg8 40. Qd8+ Kg7 {und Weiss bekommt nicht den Bauern a6. Zwar sieht die
Stellung nach} 41. Qe7+ Kg8 42. Ne5 {gefährlich aus, aber Schwarz verteidigt
sich aktiv mit dem Gegenangriff} Qd1+ 43. Kh2 Qd5 $1 {und Weiss hat nichts
Besseres, als mit Dauerschach} 44. Qe8+ Kg7 45. Qe7+ {remis zu machen.}) 39.
cxd3 Qxd3 40. Qc8+ Kg7 41. Qb7+ Kg8 42. Qxa6 $16 {_|_} Ne2+ (42... Nxh3+ $2 {
funktioniert nicht wegen} 43. Kh2 $1 {und Weiss gewinnt entweder mit dem
Angriff nach} Nxf2 ({oder im Endspiel nach} 43... Nf4 44. Qxh6) 44. Qe6+ Kh8
45. Ne5 Qh7 46. Nf7+ $1 Kg7 47. Nd6 $1 Qg6 (47... Kh8 48. Qf6+ Qg7 49. Qxf2
Qe5+ 50. Qg3 $18) 48. Nf5+ Kh7 49. Qd7+ Kh8 50. Qd4+ Kh7 51. Qa7+ Kh8 52. Qxf2
$18) ({Auch} 42... Qd1+ 43. Kh2 Qf1 {scheitert nach} 44. Qc8+ Kg7 45. Qb7+ Kf6
46. Qc6+ Kg7 47. Nd4 $18) 43. Kh2 Qe4 $1 (43... Qf5 $1 44. Qd6 Qf4+ {führt zur
Stellung aus der Partie.}) 44. Qf6 (44. Kh1 Qb1+ 45. Kh2 Qe4) ({Mit dem
besseren} 44. Qc8+ $5 Kg7 45. Qc5 $1 $16 {konnte Weiss die Damen auf dem Brett
behalten.}) 44... Qf4+ $1 {Nach diesem Tausch bietet das Springerendspiel die
besten Remischancen wegen der wenigen übrig gebliebenen Bauern.} 45. Qxf4 gxf4
$1 46. g4 {Zur Freilassung seines Königs muss Weiss ein weiteres Bauernpaar
tauschen; das Gewinnpotential verringert sich weiter.} fxg3+ 47. fxg3 Nc3 48.
Nd4 h5 49. h4 {Einzige Chance, Schwarz hat einen optimal plazierten Springer
auf c3, dadurch geht nicht} (49. Kg2 Kf7 50. Kf3 Kf6 51. Kf4 $6 b4 $1 52. axb4
Nd5+ {mit sofortigem Remis.}) 49... Kf7 50. Kh3 Kf6 51. g4 hxg4+ ({Ein Versuch,
mit} 51... Ke5 $6 {eine Falle zu stellen scheitert an} 52. gxh5 $1 Kxd4 53. h6
Nd5 54. Kg4 $3 ({Nicht aber} 54. h7 Nf4+ 55. Kg4 Ng6 56. Kg5 Nh8 57. Kf6 Kd5 $1
58. Kg7 Ke6 $1 {mit Remis.}) 54... Ke5 $8 55. Kg5 Nf6 56. Kg6 Ke6 57. h7 (57.
h5 $4 Nh7 $1 58. Kxh7 Kf7 $11) 57... Nxh7 58. Kxh7 Kf5 (58... Kf6 59. Kg8 Kg6
60. Kf8 $18) (58... Kf7 59. h5 Kf6 60. Kh6 Kf7 61. Kg5 Kg7 62. Kf5 Kh6 63. Ke5
Kxh5 64. Kd5 Kg6 65. Kc5 Kf7 66. Kxb5 Ke8 67. Kc6 Kd8 68. Kb7 $18) 59. h5 ({
oder} 59. Kh6 Kf6 60. h5) (59. Kg7 $4 Kg4 60. Kf6 Kxh4 61. Ke5 Kg5 $11) 59...
Kf6 60. Kh6 Kf7 61. Kg5 Kg7 62. Kf5 $18) 52. Kxg4 Kg6 53. h5+ (53. Nxb5 Nxb5
54. a4 Nc3 $1 55. a5 Nb5 $11 {[%csl Ga7,Gb5,Gc8,Gd6] Schwarz bildet die
bekannte Verteidigung auf den Feldern b5,a7,c8 und d6; eine Variante zur
Illustration ist} 56. a6 Na7 57. Kf4 Kh5 58. Ke5 Kxh4 59. Kd6 Kg5 60. Kc7 Kf6
61. Kb7 Nb5 62. Kb6 Nd6 63. Kc6 Nc8 {mit Remis.}) 53... Kh7 $2 {Erst dieser
letzte Fehler verliert. Nötig war} (53... Kf6 54. Kh4 Kf7 55. Kg5 Ne4+ {
und Weiss kommt nicht weiter, z.B.} 56. Kf5 (56. Kf4 Nf6 57. h6 (57. Nxb5 Nxh5+
$11) 57... b4 58. axb4 Nd5+ 59. Kf5 Nxb4 60. Ne6 Kg8 61. Kg6 Nd5 $11) (56. Kh6
Nd6 $1 (56... Nc3 $2 57. Nf5 $1 Kf6 58. Nd6 Ke6 59. Kg7 $18) 57. Kh7 Kf6 58. h6
Kf7 59. Nf3 $1 Ne4 $1 60. Ne5+ Kf6 61. Nc6 (61. Kg8 $2 Kxe5 62. h7 $4 Nf6+ $19)
61... Kf7 62. Nd8+ Kf6 63. Kg8 Kg6 $11) 56... Nd6+ 57. Kg4 Kf6 58. Kf4 Kf7 59.
Nf5 Nc4 60. Kg5 Nxa3 61. h6 Kg8 62. Kg6 Nc4 $11) 54. Kh4 Kg8 (54... Kh6 55.
Nf5+ Kh7 56. Nd6 Kh6 57. Kg4 Kh7 58. Kg5 Kg7 59. h6+ Kh7 60. Kh5 Nd5 $8 61.
Nxb5 Nf6+ {--> Partie}) 55. h6 Kh7 56. Kh5 Ne4 57. Nxb5 Nf6+ 58. Kg5 Ne4+ 59.
Kf5 Nc5 60. Ke5 Kxh6 61. Kd4 Na6 ({Bessere praktische Chance bietet} 61... Na4
{dennl Weiss hat nur einen einzigen möglichen Weg zum Gewinn mit} 62. Nc3 Nb2
63. Nd1 $1 Nxd1 (63... Na4 64. Kc4 Nb6+ 65. Kb5 Nc8 66. a4 Kg7 67. a5 Kf7 68.
Kc6 Ke7 69. Kc7 Nd6 70. Nc3 Ne8+ 71. Kc6 Kd8 72. Nb5 Kc8 73. a6 Kb8 74. a7+ Ka8
75. Kb6) 64. a4 Nb2 65. a5 Kg7 66. a6 Na4 67. a7 Nb6 68. Kc5 Na8 69. Kc6 $18)
62. Kd5 Kg6 63. Nd4 Kf6 64. Kd6 $1 Kf7 (64... Nb8 65. Nc6 Na6 66. Nb4 $18) 65.
Ne6 (65. Ne6 Nb8 (65... Ke8 66. Nc7+) 66. Nc5 Ke8 67. Kc7) 1-0

[Event "Corus"]
[Site "Wijk aan Zee"]
[Date "2000.01.15"]
[Round "1"]
[White "Kortschnoj, Viktor Lvovich"]
[Black "Kasparov, Garry"]
[Result "0-1"]
[WhiteElo "2659"]
[BlackElo "2851"]
[Annotator "Krasenkow,M"]
[PlyCount "108"]
[EventDate "2000.01.15"]
[EventType "tourn"]
[EventRounds "13"]
[EventCountry "NED"]
[EventCategory "18"]
[SourceTitle "CBM 075"]
[Source "ChessBase"]
[SourceDate "2000.04.05"]
[SourceVersion "1"]
[SourceVersionDate "2000.04.05"]
[SourceQuality "1"]

1. d4 Nf6 2. c4 g6 3. Nc3 d5 4. cxd5 Nxd5 5. Bd2 Bg7 6. e4 Nb6 7. Be3 O-O 8.
Be2 Nc6 9. Nf3 Bg4 10. d5 Bxf3 11. gxf3 Na5 12. Bd4 Qd6 {After the game
Arlandi-Konopka (see CBM71) it became clear that this and not} (12... e5 {or})
(12... c5) {is the best option for Black in the present position.} 13. Bxg7
Kxg7 14. f4 {If White refrains from this move, Black obtains good counterplay
on the dark squares, in the meantime destroying the white pawn centre by means
of ...c7-c6 or ...e7-e6, e.g.} (14. Qd2 Qf6 15. O-O-O c6 16. Qd4 Qxd4 17. Rxd4
cxd5 18. Nxd5 Rac8+ 19. Kb1 Nc6 20. Rd2 Rfd8 21. Rhd1 Nxd5 22. exd5 Ne5 23. d6
e6 24. f4 Nc4 25. Rd4 Nb6 26. Bf3 Rd7 27. Rb4 Kf6 28. a4 Rc5 {Mchedlishvili,
M-Ftacnik,L/Eu Team Ch 1999/0-1 (45)}) 14... Qf6 (14... e5 {is possible, too:}
15. fxe5 $6 (15. f5 $5) 15... Qxe5 16. f4 $6 Qxf4 17. Qd4+ f6 18. Qc5 {
(winning a piece but Black obtains a strong attack against the weak white king
as - unlike in the line 14...Qxf4? 15.Qd4+ f6 16.Qc5 - the e-file is open)} c6
$1 19. Qxa5 cxd5 20. exd5 Rac8 21. Qb5 Rfe8 22. Kd1 Re3 23. Kc2 a6 24. Qa5
Rxe2+ 25. Kb3 Rxb2+ {0-1 Johannessen,L-Rytshagov,M/Troll Masters 2000}) 15. Qd2
c6 {An attempt to avoid a draw after} (15... Nac4 16. Bxc4 Nxc4 17. Qe2 Nb6 18.
Qe3 Nc4 19. Qe2 Nb6 20. Qe3 Nc4 21. Qe2 {1/2-1/2 Sokolov,I-Shirov,A/FIDE WCh
KO g/25+10 1999}) 16. dxc6 {No doubt, Kasparov had analysed all the
consequences of the more principal} (16. e5 {Black has apparently no problems
after} Qh4) 16... Rfd8 $1 {Black doesn't just recapture the pawn but continues
his attack of the b2 and f4 pawns. This is more active than} (16... Nxc6 {
after which the white queen would be quite safe on e3.}) 17. Qe3 (17. Nd5 Nxd5
(17... Qxc6 $2 18. Qxa5 Nxd5 19. exd5 Rxd5 20. Qa3) 18. cxb7 {was losing
because of} Nxf4 $3 19. bxa8=Q (19. Qxa5 Qxb2 $19) 19... Rxd2 {and now:} 20.
Kxd2 (20. Bf3 Ng2+ 21. Kxd2 Qxb2+ 22. Kd3 (22. Kd1 Nc4 $19) 22... Nf4+ 23. Ke3
e5 $19) (20. Bg4 Ng2+ 21. Kxd2 Qxb2+ $19) 20... Qxb2+ 21. Ke3 Qxe2+ 22. Kxf4 (
22. Kd4 Qd3+ 23. Kc5 Qc4#) 22... Qxf2+ 23. Kg4 (23. Ke5 Qf6+ 24. Kd5 Qd6#)
23... h5+ 24. Kh3 Qf3+ 25. Kh4 Qg4#) 17... Nac4 18. Qc5 (18. Bxc4 Nxc4 19. Qe2
(19. Qc5 Nxb2) 19... Qxc6 {[%cal Rd8d2] is hopeless for White, e.g.} 20. Rd1
Rxd1+ 21. Nxd1 Rd8 {[%cal Rd8d2]}) 18... Rac8 {Black contents himself with a
pleasant endgame. He had a sharper but also promising option:} (18... Nxb2 $5
19. cxb7 (19. c7 Rd7 $1) 19... Rab8) 19. c7 Rd7 20. Bxc4 Rcxc7 21. Qg5 Rxc4 {
Black's problem is the abundance of attractive lines. It isn't easy to pick
out the best one.} ({After} 21... Qxg5 22. fxg5 Nxc4 23. Nd5 $1 (23. Nb5 Rc5
24. Nxa7 Nxb2 $19) 23... Rc6 24. b3 $1 (24. Rb1 Nxb2) 24... Nb2 $5 (24... Nd6
25. f3) 25. O-O (25. Ke2 e6 26. Nb4 Rcd6) 25... e6 26. Nf6 Rd2 27. Rfc1 {
White is still alive.}) ({Not so clear was also} 21... Nxc4 22. Qxf6+ exf6 23.
Nd5 {e.g.} Rc6 24. b3 Nd6 25. f3 f5 26. e5 Nb5 27. Rd1 Rc5 28. Ne3) 22. Qxf6+
Kxf6 23. Rc1 Rcd4 {Black controls the d-file; besides, his king is active and
the whie monarch is rather unsafe.} 24. b3 {White tries to cut off the black
knight; otherwise it will become very active, e.g.} (24. Rc2 Nc4 25. b3 (25. f3
Ne3) 25... Na3) ({or} 24. f3 Nc4 (24... Rd3 25. Rf1) 25. Nd5+ (25. Ne2 Rd2)
25... Kg7 26. b3 Nb2) {However, now the black rook enters the white camp along
the 3rd rank.} 24... Rd3 25. Ke2 {It is not easy to find a useful move for
White but it doesn't look wise to remove his king from the central e1 square.}
(25. Rg1 $5 Rf3 26. Ne2) 25... Rd2+ 26. Kf3 (26. Ke1 $5 Rb2) 26... R7d3+ 27.
Kg2 e6 {The black knight is ready to enter the game while the white pieces are
tied up.} 28. Rhe1 (28. Rhd1 $4 Rxc3) 28... Ke7 {Preparing 29...Nd7 but
allowing White to get rid of his weak f4 pawn.} (28... Nd7 29. Red1 $1) (28...
a6 {is interesting but White isn't apparently in a zugzwang:} 29. Rcd1 Rxd1 30.
Nxd1 Rd2 31. Nc3 Rc2 32. Re3 Nd7 {[%cal Yd7b8,Yb8c6,Yc6b4]} 33. Kf1 {[%cal
Yf1d1]}) 29. f5 (29. Kf1 Rf3 30. Re2 Rd7 {[%csl Rf4]}) (29. Rcd1 $5) 29... Nd7
30. fxe6 fxe6 31. Kf1 Ne5 32. Re2 {White has managed to consolidate his
position; however, the holes on the dark squares don't enable him to equalize.}
g5 33. Na4 (33. Rc2 $5) 33... Rd1+ 34. Re1 Rxe1+ 35. Kxe1 Rd7 {[%cal Ye5d3,
Yd3f4,Ye7f6,Yf6e5] Black is preparing to rearrange his pieces in the best way.}
36. Ke2 (36. Nc5 {didn't help in view of} Rc7 37. Ke2 Kd6 38. b4 b6 39. Rd1+
Ke7 40. Nb3 Rc2+ 41. Rd2 Rc3 {and White is helpless}) 36... Nd3 37. Rc3 Nf4+
38. Kf3 Kf6 39. Nc5 {White has no moves!} (39. Nb2 Rd2) 39... Rc7 40. h4 $6 {
After the exchange of this pawn (and the h7 pawn becoming passed) any knight
endgame will be definitely lost for White.} (40. Na4 {was probably better
although the knight endgame after} Rxc3+ 41. Nxc3 Ke5 42. Ke3 {looks also
difficult for White:} g4 43. f3 h5 {etc.}) 40... e5 41. hxg5+ Kxg5 42. Rc4 b5 {
Black decides it will be easier to promote the h-pawn with the help of his
rook.} (42... b6 $5) 43. Rc1 b4 44. Rc4 a5 45. Na4 {The knight has to go away
from the main battle field.} Rf7 {Now after} (45... Rxc4 46. bxc4 {White
obtains counterplay thanks to his passed c4 pawn.}) 46. Ke3 (46. Kg3 h5 47. Nc5
h4+ 48. Kh2 Kg4 $19) 46... Ng2+ 47. Ke2 Nf4+ 48. Ke3 h5 49. Rc5 Ng2+ 50. Ke2 h4
$1 {Well-judged! With his a4 knight out of play, White is not able to stop
this pawn.} 51. Rxe5+ Kg4 52. Re8 (52. Rxa5 h3 53. f3+ Kh4 54. Kf2 (54. Ra8 h2
55. Kf2 Kh3 $19) 54... Nf4 55. Ra8 Rh7 56. Kg1 Rg7+ 57. Kh1 Nd3) (52. f3+ Rxf3
{(the simplest)} 53. Rg5+ Kxg5 54. Kxf3 Ne1+ 55. Kf2 Nd3+ 56. Kf3 Ne5+ ({
better than} 56... Nc1) 57. Kg2 Kg4 58. Nc5 h3+ 59. Kh2 Kh4 $19 {/\Ng4+,Kg3})
52... Nf4+ 53. Ke3 h3 54. f3+ Kh4 (54... Kh4 55. Rh8+ Nh5 56. Kf2 Rg7 $19) 0-1

[Event "Corus"]
[Site "Wijk aan Zee"]
[Date "2000.01.20"]
[Round "5"]
[White "Kasparov, Garry"]
[Black "Morozevich, Alexander"]
[Result "1-0"]
[WhiteElo "2851"]
[BlackElo "2748"]
[Annotator "Huebner,R"]
[PlyCount "90"]
[EventDate "2000.01.15"]
[EventType "tourn"]
[EventRounds "13"]
[EventCountry "NED"]
[EventCategory "18"]
[SourceTitle "CBM 075"]
[Source "ChessBase"]
[SourceDate "2000.04.05"]
[SourceVersion "1"]
[SourceVersionDate "2000.04.05"]
[SourceQuality "1"]

1. d4 d5 2. c4 c6 3. Nc3 Nf6 4. Nf3 dxc4 5. a4 Bf5 6. Ne5 Nbd7 7. Nxc4 Qc7 8.
g3 e5 9. dxe5 Nxe5 10. Bf4 Nfd7 11. Bg2 g5 12. Ne3 (12. Nxe5 gxf4 {1/2-1/2
Birjukov,S-Haimi,A/Lahti 1997/EXT 99 (12)}) ({Nach} 12. Bxe5 Nxe5 13. Qd4 f6 (
13... Nxc4 14. Qxh8 O-O-O {wurde laut Schachwoche 4/2000, S.12, von G.Kasparov
befürchtet, doch sehe ich nach} 15. Qf6 {keine ansprechende Fortsetzung für
Schwarz.}) 14. O-O Be7 {dürfte Weiß kaum Vorteil haben. Der Textzug gefällt
mir weit besser, weil Weiß den wichtigen weißfeldrigen Läufer des Gegners
eliminiert.}) 12... gxf4 13. Nxf5 O-O-O 14. Qc2 Ng4 $6 (14... Bb4 {gefällt mir
besser. Auf} 15. gxf4 {folgt} Nc4 16. Qb3 (16. e3 Nc5 {überläßt dem Schwarzen
eine beachtliche Initiative.}) 16... Bxc3+ 17. Qxc3 Qxf4 {mit genügendem
Gegenspiel für Schwarz.}) 15. a5 fxg3 {Schwarz muß etwas gegen die Drohung
a5-a6 tun. Der Textzug überläßt dem Weißen ohne weiteres Vorteil, weil er eine
äußerst günstige Bauernstruktur am Königsflügel erhält und seinen Königsturm
wirksam auf der h-Linie zum Einsatz bringen kann. Ich sehe jedoch keine
besseren Möglichkeiten:} (15... a6 16. Ra4 h5 17. Rxf4 Qxa5 18. O-O {mit
Vorteil für Weiß.}) (15... Bc5 16. O-O (16. Ne4 Bb4+ {ist weniger überzeugend.}
) 16... fxg3 17. hxg3 a6 (17... Bxf2+ 18. Rxf2 Nxf2 19. Kxf2 {ist nicht
genügend für Schwarz; der Springer auf f5 steht zu stark.}) 18. Ne4 Bf8 19.
Rfd1 {mit Vorteil für Weiß.}) 16. hxg3 a6 17. Ra4 Ndf6 18. Ne4 Nxe4 $6 ({
Bessere Möglichkeiten, die Nachteile der Bauernstruktur durch dynamisches
Figurenspiel auszugleichen, bot meines Erachtens die Fortsetzung} 18... Nd5 19.
Bh3 Ne5 20. Nc5 Kb8) 19. Bxe4 h5 20. Kf1 Kb8 21. Kg2 Be7 22. Nxe7 Qxe7 23. Bf3
Ne5 ({Die Fortsetzungen} 23... Qg5 24. Rb4 {oder}) (23... Qe6 24. Qc3 ({
Ungenügend ist die Fortsetzung} 24. Rxh5 Rxh5 25. Bxg4 Qd5+ 26. Bf3 Qf5) 24...
f6 25. Rd4 {bewahren den Schwarzen auf die Dauer auch nicht vor Bauernverlust.
Seine Stellung ist strategisch verloren.}) 24. Bxh5 Qe6 25. Qc3 f6 26. Rah4 Qf5
27. Bf3 Rxh4 28. Rxh4 Qb1 29. Rh1 Rd1 30. Rxd1 Qxd1 31. b4 Kc7 32. Qc5 Qd6 33.
Qxd6+ Kxd6 34. Be4 Nc4 35. Bd3 Nb2 36. f4 Nd1 37. g4 Ne3+ 38. Kf3 Nd5 39. Ke4
Nxb4 40. Bc4 c5 41. g5 fxg5 42. fxg5 Ke7 43. Kf5 Nc2 44. Ke5 Ne3 45. Be6 c4 1-0